Statistics for London Tram Stops

Click here to take the quiz!

General Stats

  • This quiz has been taken 37 times
  • The average score is 30 of 39

Answer Stats

Answer% Correct
Wimbledon
100%
East Croydon
95%
Elmers End
95%
West Croydon
95%
Centrale
90%
Dundonald Road
90%
New Addington
90%
Therapia Lane
90%
Ampere Way
85%
Beckenham Junction
85%
Mitcham
85%
Beckenham Road
80%
Beddington Lane
80%
Church Street
80%
George Street
80%
Mitcham Junction
80%
Phipps Bridge
80%
Waddon Marsh
80%
Addington Village
75%
Addiscombe
75%
Arena
75%
King Henry's Drive
75%
Lebanon Road
75%
Lloyd Park
75%
Merton Park
75%
Reeves Corner
75%
Sandilands
75%
Wandle Park
75%
Birkbeck
70%
Morden Road
70%
Coombe Lane
65%
Fieldway
65%
Gravel Hill
65%
Harrington Road
65%
Wellesley Road
65%
Woodside
65%
Belgrave Walk
60%
Avenue Road
55%
Blackhorse Lane
55%

Score Distribution

Percentile by Number Answered

Percent of People with Each Score

Your Score History

You have not taken this quiz